000 00354nam a2200145Ia 4500
001 2527
008 241024s9999 xx 000 0 und d
020 _a99934-78-08-3
082 _aRD/863.44/P438c
100 _aMario Emilio Pérez
245 0 _aCuentos de vividores
260 _bSanto Domingo
_c2004
901 _a8/10/2012 1:20:13 p.m.
999 _c7797
_d7797